00745nam a2200205Ia 450000500170000000800410001702000180005804000180007604100080009408200260010224501150012825000120024326000500025530000290030565000540033465000370038865000540042570000270047970000330050620241212142848.0210716s2010 xx 000 0 und d a9788184870886 cAIMIT LIBRARY aeng a001.072005821b SARN aNetwork security : bissues challenges and techniques /cEdited by Nityanada Sarma and Dhruba K Bhattacharyya. a1st ed. aNew Delhi :bNarisa Publishing House ,c2010. axii,170p. ;bHBc25.5 cm aSupersingularity and cyelicity of elliptie curves aVunlnerabilities in web browsers aA review on applications of multimedia encryption aSharma,Nityanada., ed. aBhattacharyya, Dhruba K.,ed.